000 00299nam a2200121Ia 4500
008 190216s9999||||xx |||||||||||||| ||und||
100 _aGandhi J C
245 0 _aMarketing A Managerial Introduction
260 _bTata Mcgrawhill Publishers
_c2000
300 _a496p
650 _aCommerce
942 _cBK
999 _c5974
_d5974